000 00689nam a2200253Ia 4500
003 OSt
005 20221007070841.0
006 a|||||r|||| 00| 0
007 ta
008 221006b |||||||| |||| 00| 0 eng d
024 _a36,939
037 _cTextual
040 _aFLL
_cFLL
_beng
041 _2eng
_aeng
082 _aD854:(G:55), Q0
100 _aDubey B.K.
_9687826
245 0 _aManual of environment and pollution laws
250 _a1st
260 _aIndore
_bWadhwa And Company India
_c2010
300 _a656p
_ccm.
700 _a Bharati H.K.
_9687827
942 _hD854:(G:55), Q0
_cTEXL
_2CC
999 _c1141723
_d1141723